Normal view
MARC view
- H.J.Eysenck
Entry Personal Name
001 - CONTROL NUMBER
- control field: 109559
003 - CONTROL NUMBER IDENTIFIER
- control field: NUST
005 - DATE AND TIME OF LATEST TRANSACTION
- control field: 20230224115549.0
008 - FIXED-LENGTH DATA ELEMENTS
- fixed length control field: 230224|| aca||aabn | a|a d
040 ## - CATALOGING SOURCE
- Original cataloging agency: NUST
- Transcribing agency: NUST
100 ## - HEADING--PERSONAL NAME
- Personal name: H.J.Eysenck
670 ## - SOURCE DATA FOUND
- Source citation: Work cat.: (NUST)193740: H.J.Eysenck, Check your Own I.Q. /, H.J.Eysenck C 1966
